| 000 | 00589 a2200157 4500 | ||
|---|---|---|---|
| 003 | Nust | ||
| 005 | 20230201131140.0 | ||
| 040 | _cNust | ||
| 082 | _a940,MON | ||
| 100 |
_aMoncrieff, A.R. Hope _9108380 |
||
| 245 |
_aEuropen history / _cA.R. Hope Moncrieff |
||
| 260 |
_aLondon _bThe gresham publication company |
||
| 300 | _a256 pages | ||
| 505 | _aIntroduction (Page-1), The Welding Of The British Empire (Page-13), Pan Germanism (Page-71), Pan Slavism (Page-93), The Latin Nations (Page-131), The Powers Outside Europe (Page-170), Conclusion (Page-195). | ||
| 942 |
_2ddc _cBK _k940,MON |
||
| 999 |
_c193976 _d193976 |
||